| 000 | 00533nam a2200145Ia 4500 | ||
|---|---|---|---|
| 008 | 100415s9999 xx 000 0 und d | ||
| 082 |
_b20614 _a010 |
||
| 100 | _aMATHUR, P.K. | ||
| 245 | _aBibliography: Wildlife and Protected Area Management In Madhya Pradesh. | ||
| 260 |
_aDEHRA DUN _c1999 _bWILDLIFE INSTITUTE OF INDIA. |
||
| 365 | _b995 | ||
| 630 | _aBibliography: Wildlife and Protected Area Management In Madhya Pradesh. | ||
| 730 | _aBibliography: Wildlife and Protected Area Management In Madhya Pradesh. | ||
| 942 | _cBOOK | ||
| 999 |
_c603496 _d603493 |
||